Operations management : concepts , analysis and applications (Record no. 445641)

000 -LEADER
fixed length control field 00471cam a22001457a 4500
008 - FIXED-LENGTH DATA ELEMENTS--GENERAL INFORMATION
fixed length control field 180718b2015 xxu||||| |||| 00| 0 eng d
020 ## - INTERNATIONAL STANDARD BOOK NUMBER
International Standard Book Number 9788184844948
082 ## - DEWEY DECIMAL CLASSIFICATION NUMBER
Classification number T254 C452
100 ## - MAIN ENTRY--PERSONAL NAME
Personal name Chojar, Anil Kumar
245 ## - TITLE STATEMENT
Title Operations management : concepts , analysis and applications
Statement of responsibility, etc. by Anil Kumar Chojar
260 ## - PUBLICATION, DISTRIBUTION, ETC.
Place of publication, distribution, etc. New Delhi
Name of publisher, distributor, etc. Regal Publications
Date of publication, distribution, etc. 2015
300 ## - PHYSICAL DESCRIPTION
Extent 380p.
650 ## - SUBJECT ADDED ENTRY--TOPICAL TERM
Topical term or geographic name entry element BUSINESS & ECONOMICS -- Operations Research
650 ## - SUBJECT ADDED ENTRY--TOPICAL TERM
Topical term or geographic name entry element Production management
Holdings
Withdrawn status Lost status Damaged status Not for loan Permanent Location Current Location Date acquired Full call number Barcode Date last seen Price effective from Koha item type
        Indian Institute of Public Administration Indian Institute of Public Administration 2017-05-16 T254 C452 86954 2018-07-21 2018-07-21 Book

Powered by Koha